| 000 | 00884nam a2200253 i 4500 | ||
|---|---|---|---|
| 001 | bg | ||
| 245 | 0 | 0 |
_aBiała Księga 2003. _nCz. 4, _pLiberalizacja i integracja rynku usług finansowych / _cMaciej Dzierżanowski [et al.] ; Polskie Forum Strategii Lizbońskiej. |
| 260 |
_aWarszawa : _bUrząd Komitetu Integracji Europejskiej, _c2003. |
||
| 300 |
_a72 s. ; _c24 cm. |
||
| 504 | _aBibliogr. | ||
| 650 | 9 |
_aRynek finansowy _xUnia Europejska |
|
| 650 | 9 |
_aRynek ubezpieczeniowy _xUnia Europejska |
|
| 651 | 9 |
_aPolska _xa Unia Europejska _xfinanse |
|
| 651 | 9 |
_aPolska _xa Unia Europejska _xubezpieczenia |
|
| 700 | 1 | _aDZIERŻANOWSKI, Maciej | |
| 710 | 0 | _aPolskie Forum Strategii Lizbońskiej | |
| 020 | _a8389218216 | ||
| 040 | _cBPK | ||
| 041 | 0 | _apol | |
| 080 | _a336:368](438:4-67) | ||
| 920 | _a83-89218-21-6 | ||
| 942 | _cKS | ||
| 008 | s pl f |000 0 pol | ||
| 999 |
_c43859 _d43859 |
||
| 856 |
_uhttp://koha.tu.koszalin.pl/cgi-bin/koha/opac-detail.pl?biblionumber=43859 _yKatalog online BPK |
||